000 00859 a2200241 4500
003 CBULib
005 20250423091329.0
008 250422b |||||||| |||| 00| 0 eng d
040 _aCBULib
_bEnglish
_cCBULib
_erda
041 _aeng
050 _aCBU-LIB(058)AR/1999
110 _94465
_aCopperbelt University Library(CBU-LIB)
245 _aCopperbelt University : the library : 1999 annual report
_c/ by Copperbelt University Library(CBU-LIB)
260 _bCopperbelt University,
_c1999.
_aKitwe :
300 _a16 pages : illustrations
336 _2rdacontent
_aText |
_btxt
337 _2rdamedia
_aUnmediated |
_bn
338 _2rdacarrier
_aVolume
_bnc
650 0 _94466
_aANNUAL REPORTS (COPPERBELT UNIVERSITY)--ZAMBIA
650 0 _aCOPPERBELT UNIVERSITY. LIBRARY--PERIODICALS
_94463
700 _94464
_aMbewe, G.L.
_eCompiler
942 _2mc
_c030
999 _c86110
_d86110